000 00786nam a2200253Ia 4500
003 OSt
005 20221005082453.0
006 a|||||r|||| 00| 0
007 ta
008 221004b |||||||| |||| 00| 0 eng d
020 _a9789383166299 (hbk)
_cINR 1750.00
024 _a43674
037 _b499, 20/02/2019, Sunrise Books
_cTextual
040 _aCRL
_cCRL
_beng
041 _2eng
_aeng
082 _aX:3M24xM93, Q8
100 _aSamaddar Ranabir Ed.
245 0 _aFrom popular movements to rebellion the naxalite decade
260 _aNew Delhi
_bSocial science Press 2018
_c2018
300 _axv,576p.
_ccm.
650 _aECONOMICS
942 _hX:3M24xM93, Q8
_cTEXL
_2cc
999 _c989386
_d989386